000 00360nam a22001337a 4500
082 _a355.02
_bCLA
_cL-31-II, P-61
100 _aKhan Amir Afzal
_948756
245 _aClauzevetz our jang.
260 _aPakistan
_bArmy Education Press
300 _a482 p. :
_bill. :
_c8 Cm
526 _a0
_b0
_c0
_d355_020000000000000_CLA
650 _aMCE
_9379
942 _2ddc
_cBK
999 _c551607
_d551607